000 00332nam a22001337a 4500
999 _c521632
_d521632
008 230217b ||||| |||| 00| 0 eng d
100 _aSingh, Raja
_937346
245 _aArchitecture for health and well-being
260 _aYojana
300 _aDec, 2022: p.47-49
773 _aYojana
906 _aARCHITECTURE
942 _cAR